LEADER 01198nam0 22002891i 450 001 SUN0019372 005 20050228120000.0 010 $a88-204-8220-7 100 $a20040709d1994 |0itac50 ba 101 $aita 102 $aIT 105 $a|||| ||||| 200 1 $aAnoressia mentale dell'adolescenza$erilevamento e trattamento medico-psicologico integrato$fFrancesco Montecchi$gcon la collaborazione di Amalia Ambruzzi ... [et al.] 210 $aMilano$cFranco Angeli$d[1994] 215 $a239 p.$cill.$d22 cm. 606 $aAnoressia mentale$xAdolescenza$2FI$3SUNC009528 620 $dMilano$3SUNL000284 676 $a616.85262$v21 700 1$aMontecchi$b, Francesco$3SUNV003485$0224212 702 1$aAmbruzzi$b, Amalia$3SUNV015536 712 $aAngeli$3SUNV000073$4650 801 $aIT$bSOL$c20181109$gRICA 912 $aSUN0019372 950 $aUFFICIO DI BIBLIOTECA DEL DIPARTIMENTO DI PSICOLOGIA$d16 CONS 2093 $e16 LET6484 995 $aUFFICIO DI BIBLIOTECA DEL DIPARTIMENTO DI PSICOLOGIA$bIT-CE0119$gLET$h6484$kCONS 2093$op$qa 996 $aAnoressia mentale dell'adolescenza$9818918 997 $aUNICAMPANIA LEADER 02342nam 22005173u 450 001 9910451414703321 005 20210107033240.0 035 $a(CKB)1000000000253819 035 $a(EBL)179945 035 $a(OCoLC)475885956 035 $a(MiAaPQ)EBC179945 035 $a(EXLCZ)991000000000253819 100 $a20130418d1995|||| u|| | 101 0 $aeng 135 $aur|n|---||||| 200 10$aSocialism and Superior Brains$b[electronic resource] 210 $aHoboken $cTaylor and Francis$d1995 215 $a1 online resource (317 p.) 300 $aDescription based upon print version of record. 311 $a0-415-08281-1 327 $aBook Cover; Title; Contents; Preface; Introduction; SHAW'S FABIANISM; SHAVIAN SOCIALISM; SEXUAL EQUALITY; THE IRISH QUESTION; WAR AND PEACE; FASCISM AND SOVIETISM; CONCLUSION; Notes; Bibliography; Index 330 $aAvailable in paperback for the first time, Gareth Griffith's book provides a comprehensive critical account of the political ideas of one of the most influential commentators of the twentieth century.With close reference to a range of Shaw's texts, from the Fabian tracts to the plays, Gareth Griffith draws out the central theoretical messages of Shaw's engagement with politics. The first part of the book provides an intellectual biography, while at the same time analysing Shaw's key concerns in relation to his Fabianism, arguments for equality of income and ideas on democracy and education 606 $aPolitical plays, English 606 $aPolitics and literature 606 $aShaw, Bernard 606 $aSocial problems in literature 606 $aSocialism and literature 606 $aSocialism and literature - Great Britain - History 608 $aElectronic books. 615 4$aPolitical plays, English. 615 4$aPolitics and literature. 615 4$aShaw, Bernard. 615 4$aSocial problems in literature. 615 4$aSocialism and literature. 615 4$aSocialism and literature - Great Britain - History. 676 $a822.912 676 $a822.912092 676 $a822/.912 700 $aGriffith$b Gareth$0924386 801 0$bAU-PeEL 801 1$bAU-PeEL 801 2$bAU-PeEL 906 $aBOOK 912 $a9910451414703321 996 $aSocialism and Superior Brains$92074411 997 $aUNINA LEADER 01562nam a2200349 i 4500 001 991000905329707536 008 101021s2005 it a 100 0 ita d 020 $a8815106626 035 $ab13930047-39ule_inst 040 $aBiblioteca Interfacoltŕ$bita 082 04$a920.00902 245 00$aMemoria :$bricordare e dimenticare nella cultura del Medioevo = Memoria :$bErinnern und Vergessen in der Kultur des Mittelalters /$ca cura di / hrsg. von Michael Borgolte, Cosimo Damiano Fonseca, Hubert Houben 246 11$aMemoria :$bErinnern und Vergessen in der Kultur des Mittelalters 246 11$aErinnern und Vergessen in der Kultur des Mittelalters 260 $aBologna :$bIl mulino ;$aBerlin :$bDuncker & Humblot,$c2005 300 $a405 p. :$bill. ;$c24 cm. 440 0$aAnnali dell'Istituto storico italo-germanico in Trento.$pContributi ;$v15 500 $aAtti del convegno svoltosi a Trento nel 2002 504 $aCon bibliografia 546 $aContributi in italiano, tedesco e francese 650 4$aMemoria$xConcetto$xStoria$yMedioevo$vCongressi 650 4$aBiografie$xFonti$ySec. 9.-15. 650 4$aCommemorazioni$ySec. 9.-15. 700 1 $aBorgolte, Michael 700 1 $aFonseca, Cosimo Damiano 700 1 $aHouben, Hubert 907 $a.b13930047$b02-04-14$c21-10-10 912 $a991000905329707536 945 $aLE002 920.00902 MEM$g1$i2002000617750$lle002$oe$pE0.00$q-$rl$s- $t0$u1$v0$w1$x0$y.i1518741x$z21-10-10 996 $aMemoria$989792 997 $aUNISALENTO 998 $ale002$b21-10-10$cm$da $e-$fita$git $h0$i0 LEADER 02327nam 2200385 450 001 9910688481603321 005 20230623174902.0 024 7 $a10.5772/intechopen.91131 035 $a(CKB)5400000000042311 035 $a(NjHacI)995400000000042311 035 $a(EXLCZ)995400000000042311 100 $a20230623d2021 uy 0 101 0 $aeng 135 $aur||||||||||| 181 $ctxt$2rdacontent 182 $cc$2rdamedia 183 $acr$2rdacarrier 200 00$aBioactive Compounds $ebiosynthesis, characterization and applications /$fedited by Leila Queiroz Zepka, Tatiele Casagrande Do Nascimento, Eduardo Jacob-Lopes 210 1$aLondon :$cIntechOpen,$d2021. 215 $a1 online resource (304 pages) $cillustrations 311 $a1-83969-271-5 330 $aBioactive Compounds - Biosynthesis, Characterization, and Applications is an authoritative compilation of chapters on bioactive compounds with proven activities. It provides valuable information about biosynthesized active compounds that can be used for the further development of products in various industries. Chapters cover such topics as biosynthesis, characterization, separation, and purification, and applications of bioactive molecules. It describes and discusses bioresources of animal, vegetal, and microbial origin as potential sources of flavonoids, polysaccharides, sterols, polyphenols, amino acids, and others. This book provides insight into future developments in the field and, as such, is an essential resource for academicians, industrial researchers, and practitioners in biomolecules with biological activity. Key features: - Describes several classes of bioactive compounds and their associated activities - Highlights potential contributions of bioactive compounds as alternatives in the prevention and/or treatment of diseases - Contains information relevant to the development and use of new products. 517 $aBioactive Compounds 606 $aBioactive compounds 615 0$aBioactive compounds. 676 $a363.7288 702 $aZepka$b Leila Queiroz 702 $aDo Nascimento$b Tatiele Casagrande 702 $aJacob-Lopes$b Eduardo 801 0$bNjHacI 801 1$bNjHacl 906 $aBOOK 912 $a9910688481603321 996 $aBioactive compounds$92953186 997 $aUNINA LEADER 01945oam 2200445 450 001 9910830503203321 005 20230629234210.0 010 $a1-119-55597-3 010 $a1-119-55593-0 010 $a1-119-55601-5 035 $a(CKB)4100000011248669 035 $a(MiAaPQ)EBC6498796 035 $a(EXLCZ)994100000011248669 100 $a20210817d2021 uy 0 101 0 $aeng 135 $aurcnu|||||||| 181 $ctxt$2rdacontent 182 $cc$2rdamedia 183 $acr$2rdacarrier 200 00$aEquine reproductive procedures /$fedited by John Dascanio and Patrick McCue 205 $aSecond edition. 210 1$aHoboken, New Jersey :$cWiley Blackwell,$d[2021] 210 4$d©2021 215 $a1 online resource (787 pages) 311 $a1-119-55598-1 330 $a"The second edition of Equine Reproductive Procedures provides equine practitioners, veterinary students, and equine theriogenologists with a fully updated, practical guide to techniques in equine reproductive practice. This easy-to-use resource covers skills-based information with a clinical focus, taking an easy-to-follow step-by-step approach. The book covers topics related to the reproductive management of horses, including diagnostic techniques and therapeutic procedures for stallions, mares, and foals. Procedures highlighted in the book are supported with clear descriptions and photographs. Readers will also find a list of required supplies for the procedure and a reference list"--$cProvided by publisher. 606 $aHorses$xReproduction 606 $aHorses$xBreeding 615 0$aHorses$xReproduction. 615 0$aHorses$xBreeding. 676 $a636.1082 702 $aDascanio$b John 702 $aMcCue$b Patrick M. 801 0$bMiAaPQ 801 1$bMiAaPQ 801 2$bUtOrBLW 906 $aBOOK 912 $a9910830503203321 996 $aEquine reproductive procedures$94119424 997 $aUNINA